| 000 | 00385nam a22001337a 4500 | ||
|---|---|---|---|
| 005 | 20240314113249.0 | ||
| 008 | 240314b ||||| |||| 00| 0 eng d | ||
| 040 | _cAL | ||
| 082 |
_223 _a658.3 _bSTUD |
||
| 100 |
_aDhanya Mohan _9154235 |
||
| 245 | _aStudy on Contract Staffing with Reference to Mafoi Consultants | ||
| 260 |
_aMangalore _bSt Aloysius Colllege _c2004 |
||
| 942 |
_2ddc _cPRO |
||
| 999 |
_c230312 _d230312 |
||